MCG annual report shows improvement in health and safety performance (Record no. 77463)
[ view plain ]
| 000 -LEADER | |
|---|---|
| fixed length control field | 01033cab a2200205 4500 |
| 001 - CONTROL NUMBER | |
| control field | ##L134337 |
| 008 - FIXED-LENGTH DATA ELEMENTS--GENERAL INFORMATION | |
| fixed length control field | 060727n2006 000 0 eng u |
| 035 ## - SYSTEM CONTROL NUMBER | |
| System control number | (Sirsi) u134337 |
| 041 0# - LANGUAGE CODE | |
| Language code of text/sound track or separate title | eng |
| 110 2# - MAIN ENTRY--CORPORATE NAME | |
| Corporate name or jurisdiction name as entry element | Major Contractors Group |
| 9 (RLIN) | 4988 |
| 245 00 - TITLE STATEMENT | |
| Title | MCG annual report shows improvement in health and safety performance |
| 260 ## - PUBLICATION, DISTRIBUTION, ETC. | |
| Date of publication, distribution, etc. | 2006 |
| 490 #0 - SERIES STATEMENT | |
| Series statement | MCG Press Release |
| Volume/sequential designation | 17 July 2006 |
| 520 ## - SUMMARY, ETC. | |
| Summary, etc. | Accident incidence rates on Major Contractors Group (MCG) member company sites have fallen by more than a third over the past five years. The number of reportable injuries per 100 000 workers has gone down from 1 331 in 1999/2000 to 837 for the year ending March 2006. In addition, there were no fatalities reported on any project where a MCG company was working during the 12 months to March 2006. |
| 590 ## - LOCAL NOTE (RLIN) | |
| Local note | IKA010806 |
| 651 #4 - SUBJECT ADDED ENTRY--GEOGRAPHIC NAME | |
| Geographic name | United Kingdom |
| Chronological subdivision | |
| 690 ## - LOCAL SUBJECT ADDED ENTRY--TOPICAL TERM (OCLC, RLIN) | |
| Topical term or geographic name as entry element | Health and safety |
| 9 (RLIN) | 6244 |
| 856 41 - ELECTRONIC LOCATION AND ACCESS | |
| Uniform Resource Identifier | <a href="https://www.thecc.org.uk/index.asp?page=whatsnew">https://www.thecc.org.uk/index.asp?page=whatsnew</a> |
| Public note | View the item free of charge at www.thecc.org.uk/... |
| 942 ## - ADDED ENTRY ELEMENTS (KOHA) | |
| Suppress in OPAC | 0 |
| Withdrawn status | Lost status | Source of classification or shelving scheme | Damaged status | Not for loan | Home library | Current library | Shelving location | Date acquired | Total Checkouts | Full call number | Barcode | Date last seen | Copy number | Price effective from | Koha item type |
|---|---|---|---|---|---|---|---|---|---|---|---|---|---|---|---|
| Dewey Decimal Classification | Virtual | Virtual | Online | 27/07/2006 | ONLINE PUBLICATION | 134337-1001 | 06/08/2019 | 1 | 06/08/2019 | Journal article |